| 000 | 00571nam a2200157Ia 4500 | ||
|---|---|---|---|
| 999 |
_c21807 _d21807 |
||
| 082 | _aRK.0209 | ||
| 100 | _aKhemaling, Rasure | ||
| 245 | 0 | _aStudy on limestone polishing industry in Gulbarga district of Karnataka | |
| 260 |
_c2006 _bIndian Council of Social Science Research, New Delhi |
||
| 300 | _a81 | ||
| 504 | _aincludes bibliography | ||
| 650 |
_aLimestone _zIndia _zGulbarga District (Karnataka) |
||
| 650 |
_aLimestone industry _zIndia _zGulbarga District (Karnataka) |
||
| 650 |
_aGrinding and polishing _zIndia _zGulbarga District (Karnataka) |
||
| 942 |
_cRP _2ddc |
||